| 000 | 00472nam a2200181Ia 4500 | ||
|---|---|---|---|
| 003 | GCL | ||
| 008 | 140319s9999 xx 000 0 eng d | ||
| 040 |
_aGCL / _cGCL |
||
| 082 | 0 | 4 |
_a892.76 _bM J |
| 100 | 1 | _aVIGREUX, PHILIPPE | |
| 245 | 1 | 0 |
_aLE JARDIN DU PASSE / _cVIGREUX, PHILIPPE |
| 700 | 1 | _aNAGUIB MAHFOUZ | |
| 260 |
_a[S.N] : _bLE LIVRE DE POCHE ، _c1989 |
||
| 650 | 0 | 4 | _aLITERATURE |
| 650 | 0 | 4 | _aARABIC LITERATURE |
| 650 | 0 | 4 | _aARABIC FICTION |
| 942 |
_2ddc _cBK |
||
| 999 |
_c22278 _d22278 |
||